| 000 | 00505cam a22001932a 4500 | ||
|---|---|---|---|
| 001 | 011746 | ||
| 003 | AR-FADEU | ||
| 008 | 311216n1967####xxu####################dd | ||
| 092 |
_a371.3 _bC867 |
||
| 100 | _aCousinet, Roger | ||
| 245 | _aPedagogía del aprendizaje | ||
| 260 | _aBarcelona | ||
| 260 | _bL. Miracle | ||
| 260 | _c1967 | ||
| 300 | _a139 p | ||
| 440 |
_aPaideia biblioteca práctica de pedagogía, psicología de la infancia _n23 |
||
| 650 | _aPEDAGOGIA; APRENDIZAJE | ||
| 942 | _cBDGR | ||
| 999 |
_c17519 _d17519 |
||